Obesidad en la infancia y la adolescencia / (Registro nro. 10358)

Detalles MARC
000 -LIDER
fixed length control field 01057nam a22003257a 4500
001 - NÚMERO DE CONTROL
Identificador de número de control 00004140
003 - IDENTIFICACDOR DE NÚMERO DE CONTROL
control field DO-SdBNP
005 - DATE AND TIME OF LATEST TRANSACTION
control field 20180202154257.0
007 - CAMPOS FIJOS DE DESCRIPCIÓN FÍSICA
fixed length control field 00004140
008 - ELEMENTOS DE LONGITUD FIJA
fixed length control field 160610b 2002 ru xxu||||| |||| 00| 0 spa d
040 ## - FUENTE DE CATALOGACIÓN
Agencia que crea de manera original el registro BPMSU
Idioma de catalogación spa
Agencia que realiza la transcripción BPMSU
092 ## - LOCALLY ASSIGNED DEWEY DECIMAL CALL NUMBER
Número de clasificación 618.92398
Número de ítem (Cutter) D566o
100 1# - ASIENTO PRINCIPAL -- NOMBRE PERSONAL
Nombre personal Dietz, W. H.
245 10 - MENCIÓN DE TITULO
Título Obesidad en la infancia y la adolescencia /
Mención de responsabilidad coordinadores ; W. H. Dietz y C. Chen.
260 ## - PUBLICACIÓN, DISTRIBUCIÓN, ETC. (PIE DE IMPRENTA)
Lugar de publicación, distribución, etc Vevey, Suiza :
Nombre del editor, distribuidor, etc. Nestlé Nutrition,
Fecha de publicación, distribución, etc 2003.
300 ## - DESCRIPCIÓN FÍSICA
Extensión iv, 66 p. ;
Dimensiones 24 cm.
490 1# - MENCIÓN DE SERIES
Mención de serie Nestlé Nutrition workshop series
490 1# - MENCIÓN DE SERIES
Mención de serie Pediatric program
Volume/sequential designation 49
500 ## - NOTA GENERAL
Nota general Incluye referencias bibliográficas y notas al pie de las páginas
650 #4 - ENCABEZAMIENTO DE MATERIA--TEMÁTICO
Término temático o nombre geográfico como elemento de entrada OBESIDAD EN NIÑOS
650 #4 - ENCABEZAMIENTO DE MATERIA--TEMÁTICO
Término temático o nombre geográfico como elemento de entrada OBESIDAD
Subdivisión temática general TERAPIA
650 #4 - ENCABEZAMIENTO DE MATERIA--TEMÁTICO
Término temático o nombre geográfico como elemento de entrada ADOLESCENCIA
700 12 - ASIENTO SECUNDARIO -- NOMBRE PERSONAL
Nombre personal Chen, C.
830 #0 - ASIENTO SECUNDARIO DE SERIE--TÍTULO UNIFORME
Nombre de la parte o sección de una obra Nestlé Nutrition workshop series
830 #0 - ASIENTO SECUNDARIO DE SERIE--TÍTULO UNIFORME
Nombre de la parte o sección de una obra Pediatric program ;
Volume number/sequential designation 49
910 ## - VALIDACIÓN
Validación Validado. Control de calidad MFF
942 ## - ADDED ENTRY ELEMENTS (KOHA)
Source of classification or shelving scheme Dewey Decimal Classification
Koha item type Libros
945 ## - INFORMACIÓN DE PROCESAMIENTO LOCAL
Información de procesamiento local Inventariado, 2018 / BT
956 ## - LOCAL ELECTRONIC LOCATION AND ACCESS (OCLC)
Método de acceso LOPEREZ
Materiales especificados 10
Enlace 20160610
Campo enlazado y núm. de secuencia BPMSU
Nombre de host 00041
Existencias
Withdrawn status Lost status Source of classification or shelving scheme Damaged status Not for loan Collection code Home library Current library Date acquired Source of acquisition Total Checkouts Full call number Barcode Date last seen Price effective from Koha item type
    Dewey Decimal Classification     Colección Juvenil General Biblioteca Pública Metropolitana Salomé Ureña Biblioteca Pública Metropolitana Salomé Ureña 06/10/2016 FUNDI   618.92398 D566o BPMSU16060154 06/10/2016 06/10/2016 Libros